[Event "FIRST SATURDAY TOURNAMENTS Budapest IM  "]
[Site "Budapest"]
[Date "2012.02.04"]
[Round "1.1"]
[White "Esenov, Annaberdi"]
[Black "Atabayev, Maksat"]
[Result "1-0"]
[WhiteElo "2287"]
[BlackElo "2336"]
[PlyCount "127"]
[EventDate "2012.02.04"]

1. e4 c5 2. Nf3 Nc6 3. d4 cxd4 4. Nxd4 g6 5. Nc3 Bg7 6. Be3 Nf6 7. Nxc6 bxc6 8.
e5 Ng8 9. f4 Nh6 10. Ne4 O-O 11. h4 d5 12. Nc5 f6 13. e6 Qd6 14. h5 Bxe6 15.
Qd3 Bf5 16. Qd2 Ng4 17. O-O-O Nxe3 18. Qxe3 e5 19. fxe5 Qxe5 20. Qf2 Rab8 21.
Nb3 Rfe8 22. Bd3 Bxd3 23. Rxd3 a5 24. Qa7 f5 25. c3 Qf4+ 26. Nd2 a4 27. Rf3 Qg5
28. Rfh3 a3 29. b3 Qe7 30. Qa4 Qc5 31. b4 Qb6 32. Qxa3 Qf2 33. Qa6 Re6 34. a4
Qxg2 35. Qa7 Rbe8 36. R1h2 Qg5 37. hxg6 hxg6 38. Rh7 R6e7 39. Qc5 Re3 40. Qa7
Rxc3+ 41. Kb2 Qxd2+ 42. Rxd2 Kxh7 43. a5 Re1 44. Qf7 Re7 45. Qxe7 Re3+ 46.
Qxg7+ Kxg7 47. a6 f4 48. a7 Re8 49. Kc3 Ra8 50. Ra2 Kf6 51. Kd4 Ke6 52. Kc5 Kd7
53. Kb6 g5 54. Rg2 d4 55. Rxg5 Ke6 56. Rh5 Kf6 57. Kb7 Rd8 58. a8=Q Rxa8 59.
Kxa8 Kg6 60. Ra5 d3 61. Ra3 Kf5 62. Rxd3 Ke4 63. Rd1 f3 64. Kb7 1-0

[Event "FIRST SATURDAY TOURNAMENTS Budapest IM  "]
[Site "Budapest"]
[Date "2012.02.04"]
[Round "1.2"]
[White "Lyell, Mark"]
[Black "Petran, Pal"]
[Result "0-1"]
[WhiteElo "2195"]
[BlackElo "2374"]
[PlyCount "84"]
[EventDate "2012.02.04"]

1. e4 c6 2. d4 d5 3. exd5 cxd5 4. c4 Nf6 5. Nc3 e6 6. Nf3 Bb4 7. cxd5 Nxd5 8.
Qc2 Nc6 9. Bd3 h6 10. O-O O-O 11. a3 Be7 12. Qe2 a6 13. Re1 b5 14. Bd2 Bb7 15.
Rac1 Nf6 16. Be3 Rc8 17. Red1 Na5 18. Ne5 Nb3 19. Rb1 Qd6 20. Bc2 Na5 21. Qd3
Nc4 22. Ng4 Rfd8 23. d5 Nxe3 24. fxe3 Bxd5 25. Nxf6+ Bxf6 26. Kh1 Qe5 27. Qh7+
Kf8 28. Nxd5 exd5 29. Bb3 Qe4 30. Qxe4 dxe4 31. Bd5 Rc2 32. b3 Rc3 33. Bxe4
Rxd1+ 34. Rxd1 Rxb3 35. a4 Rxe3 36. Bb7 bxa4 37. Bxa6 a3 38. Bc4 Rc3 39. Bd5
Rc2 40. Be4 Rb2 41. Kg1 a2 42. Kf1 Rb4 0-1

[Event "FIRST SATURDAY TOURNAMENTS Budapest IM  "]
[Site "Budapest"]
[Date "2012.02.04"]
[Round "1.3"]
[White "Lengyel, Bela"]
[Black "Szeberenyi, Adam"]
[Result "1-0"]
[WhiteElo "2250"]
[BlackElo "2316"]
[PlyCount "115"]
[EventDate "2012.02.04"]

1. e4 c5 2. Nf3 e6 3. d4 cxd4 4. Nxd4 a6 5. Bd3 Bc5 6. Nb3 Ba7 7. Qe2 Nc6 8.
Nc3 d6 9. Be3 Nf6 10. g4 Bxe3 11. Qxe3 Nxg4 12. Qg3 h5 13. h3 Nf6 14. Qxg7 Rg8
15. Qh6 e5 16. O-O-O Rg6 17. Qe3 Be6 18. Nd5 Ne7 19. Nb6 Rb8 20. Nc4 Bxc4 21.
Bxc4 b5 22. Bd3 Qb6 23. Qf3 Kf8 24. Nd2 Nc6 25. Rdg1 Nd4 26. Qe3 Ne6 27. Nf1
Nf4 28. Rxg6 fxg6 29. Qxb6 Rxb6 30. Ne3 h4 31. Kd2 Kf7 32. b4 d5 33. exd5 e4
34. Be2 N6xd5 35. Nxd5 Nxd5 36. a3 Rd6 37. Kc1 Rf6 38. Rh2 Rc6 39. Rh1 Nf4 40.
Bg4 Nd3+ 41. Kd2 Ne5 42. Be2 Kf6 43. a4 bxa4 44. Ra1 Nf3+ 45. Bxf3 exf3 46.
Rxa4 Ke5 47. Kd3 g5 48. c4 g4 49. hxg4 h3 50. Ke3 Rxc4 51. Ra5+ Kf6 52. Kxf3
Rxb4 53. Rxa6+ Kg5 54. Ra5+ Kg6 55. Rh5 Rb3+ 56. Kf4 Rb2 57. Kg3 Rb3+ 58. f3
1-0

[Event "FIRST SATURDAY TOURNAMENTS Budapest IM  "]
[Site "Budapest"]
[Date "2012.02.04"]
[Round "1.4"]
[White "Farago, Sandor"]
[Black "Szalanczy, Emil"]
[Result "1/2-1/2"]
[WhiteElo "2286"]
[BlackElo "2264"]
[PlyCount "82"]
[EventDate "2012.02.04"]

1. e4 c5 2. Nf3 d6 3. c3 Nf6 4. Be2 g6 5. O-O Bg7 6. Qc2 O-O 7. d4 b6 8. Bg5
Bb7 9. Nbd2 Nbd7 10. d5 Qc7 11. a4 e5 12. Nh4 a6 13. g3 Kh8 14. Be3 Rae8 15.
Rae1 Bc8 16. Kg2 Ng8 17. f4 exf4 18. gxf4 Ndf6 19. Bf2 Nh6 20. h3 Re7 21. Bf3
Rfe8 22. Bg3 Qd7 23. Rh1 b5 24. axb5 axb5 25. c4 b4 26. e5 dxe5 27. fxe5 Nfg8
28. e6 fxe6 29. d6 Rf7 30. Ne4 e5 31. Qd2 Qa7 32. Bf2 Rd8 33. Bxc5 Qd7 34. Bf2
Bb7 35. Bg3 Nf5 36. Nxf5 gxf5 37. Ng5 Bxf3+ 38. Kxf3 Qc6+ 39. Qd5 e4+ 40. Ke2
Qxd5 41. cxd5 Ra7 {after 54 move} 1/2-1/2

[Event "FIRST SATURDAY TOURNAMENTS Budapest IM  "]
[Site "Budapest"]
[Date "2012.02.05"]
[Round "2.1"]
[White "Szalanczy, Emil"]
[Black "Zakhartsov, Vladimir"]
[Result "0-1"]
[WhiteElo "2264"]
[BlackElo "2216"]
[PlyCount "90"]
[EventDate "2012.02.04"]

1. e4 c5 2. Nf3 g6 3. d4 cxd4 4. Nxd4 Bg7 5. Nc3 Nc6 6. Be3 Nf6 7. Bc4 O-O 8.
Bb3 d6 9. f3 Bd7 10. Qd2 Rc8 11. h4 h5 12. O-O-O Ne5 13. Bh6 Bxh6 14. Qxh6 Rxc3
15. bxc3 Qa5 16. Kb2 Rc8 17. Qd2 Qc5 18. Rhe1 a5 19. f4 Nc4+ 20. Bxc4 Qxc4 21.
Qd3 Qa4 22. Rb1 e5 23. Nb3 d5 24. fxe5 Nxe4 25. Rxe4 dxe4 26. Qd4 Qb5 27. Rd1
Bg4 28. a4 Qe2 29. Rd2 Qe1 30. Qb6 Qxh4 31. Rd6 Qe7 32. Qxa5 Re8 33. Qd5 Qxe5
34. Rxg6+ Kf8 35. Qxe5 Rxe5 36. Rb6 e3 37. Nd4 e2 38. Nxe2 Rxe2 39. Rxb7 Rxg2
40. a5 h4 41. a6 Bf3 42. c4 h3 43. Rb3 h2 44. Rxf3 h1=Q 45. Rd3 Rg4 0-1

[Event "FIRST SATURDAY TOURNAMENTS Budapest IM  "]
[Site "Budapest"]
[Date "2012.02.05"]
[Round "2.2"]
[White "Szeberenyi, Adam"]
[Black "Farago, Sandor"]
[Result "1/2-1/2"]
[WhiteElo "2316"]
[BlackElo "2286"]
[PlyCount "34"]
[EventDate "2012.02.04"]

1. c4 c5 2. Nc3 Nc6 3. g3 g6 4. Bg2 Bg7 5. e3 e6 6. Nge2 Nge7 7. O-O O-O 8. d4
cxd4 9. exd4 d5 10. cxd5 exd5 11. Be3 Be6 12. Qd2 Qd7 13. Rac1 Rac8 14. Rfd1
Rfd8 15. Nf4 b6 16. Nxe6 Qxe6 17. Ne2 Nf5 1/2-1/2

[Event "FIRST SATURDAY TOURNAMENTS Budapest IM  "]
[Site "Budapest"]
[Date "2012.02.05"]
[Round "2.3"]
[White "Petran, Pal"]
[Black "Lengyel, Bela"]
[Result "1/2-1/2"]
[WhiteElo "2374"]
[BlackElo "2250"]
[PlyCount "36"]
[EventDate "2012.02.04"]

1. d4 d5 2. c4 e6 3. Nc3 Nf6 4. Bg5 Nbd7 5. e3 Be7 6. Nf3 O-O 7. Rc1 c6 8. Bd3
h6 9. Bh4 dxc4 10. Bxc4 b5 11. Bd3 a6 12. O-O c5 13. Qe2 Bb7 14. Rfd1 cxd4 15.
exd4 Nd5 16. Bg3 Nxc3 17. bxc3 Ba3 18. Rb1 Bd5 1/2-1/2

[Event "FIRST SATURDAY TOURNAMENTS Budapest IM  "]
[Site "Budapest"]
[Date "2012.02.05"]
[Round "2.4"]
[White "Atabayev, Maksat"]
[Black "Lyell, Mark"]
[Result "1-0"]
[WhiteElo "2336"]
[BlackElo "2195"]
[PlyCount "119"]
[EventDate "2012.02.04"]

1. e4 e5 2. Nf3 Nc6 3. Bb5 f5 4. Nc3 fxe4 5. Nxe4 Nf6 6. Nxf6+ Qxf6 7. O-O Be7
8. Qe2 Nd4 9. Nxd4 exd4 10. Re1 c6 11. Bd3 d5 12. b3 O-O 13. Bb2 Bd6 14. Qh5 g6
15. Qe2 Bd7 16. f3 c5 17. Rf1 Rae8 18. Qf2 Re5 19. a4 Bf5 20. Bxf5 Qxf5 21. d3
Rfe8 22. Rae1 Re3 23. Bc1 Bf4 24. Kh1 Rxe1 25. Rxe1 Rxe1+ 26. Qxe1 Bxc1 27.
Qxc1 Qe5 28. h3 Qe3 29. Qa3 b6 30. a5 Qe1+ 31. Kh2 Qe5+ 32. Kh1 Qe1+ 33. Kh2
Qc3 34. axb6 axb6 35. Qa8+ Kg7 36. Qb7+ Kh6 37. Qxd5 Qxc2 38. Qd6 Qd2 39. h4
Kg7 40. Qe7+ Kg8 41. Qe4 Qc3 42. Qe6+ Kg7 43. Qxb6 Qxd3 44. Qxc5 Qd2 45. b4 d3
46. Qd4+ Kf7 47. b5 Qc2 48. b6 d2 49. Qf4+ Ke6 50. b7 Qb2 51. b8=Q Qxb8 52.
Qxb8 d1=Q 53. Qg8+ Kf6 54. Qh8+ Kf5 55. Qxh7 Qd6+ 56. Kh3 Qe6 57. Qh6 Kf6+ 58.
Kh2 Qd6+ 59. f4 Qd2 60. h5 1-0

[Event "FIRST SATURDAY TOURNAMENTS Budapest IM  "]
[Site "Budapest"]
[Date "2012.02.05"]
[Round "2.5"]
[White "Galyas, Miklos"]
[Black "Esenov, Annaberdi"]
[Result "1/2-1/2"]
[WhiteElo "2467"]
[BlackElo "2287"]
[PlyCount "61"]
[EventDate "2012.02.04"]

1. c4 Nf6 2. g3 g6 3. Bg2 Bg7 4. Nc3 O-O 5. d3 c6 6. e4 e5 7. Nge2 Na6 8. O-O
Nc7 9. d4 d6 10. h3 Be6 11. d5 cxd5 12. exd5 Bd7 13. Be3 Na6 14. b3 Nh5 15. Qd2
f5 16. f4 exf4 17. gxf4 Qe7 18. Rae1 b6 19. Bf2 Nc5 20. Nd4 Qf6 21. b4 Nb7 22.
Nce2 a5 23. Ne6 Rfc8 24. Nxg7 Qxg7 25. Bxb6 Rxc4 26. bxa5 Ra4 27. Nc3 Rc4 28.
Ne2 Ra4 29. Nc3 Rc4 30. Ne2 Ra4 31. Nc3 1/2-1/2

[Event "FIRST SATURDAY TOURNAMENTS Budapest IM  "]
[Site "Budapest"]
[Date "2012.02.06"]
[Round "3.1"]
[White "Lyell, Mark"]
[Black "Galyas, Miklos"]
[Result "0-1"]
[WhiteElo "2195"]
[BlackElo "2467"]
[PlyCount "86"]
[EventDate "2012.02.04"]

1. e4 c5 2. Nc3 a6 3. g3 b5 4. Bg2 Bb7 5. d3 e6 6. Nh3 Nf6 7. O-O d6 8. f4 Qc7
9. f5 e5 10. Nd5 Nxd5 11. exd5 Nd7 12. c4 Be7 13. Nf2 Nf6 14. a4 b4 15. Be4
O-O-O 16. g4 h6 17. Kg2 Nh7 18. Bf3 Bg5 19. Ne4 Bxc1 20. Qxc1 Qe7 21. Qe1 Kb8
22. Qg3 g6 23. Be2 gxf5 24. Rxf5 Bc8 25. Rh5 Rhg8 26. Rxh6 f5 27. Rxh7 Qxh7 28.
Nf6 Qh6 29. Nxg8 Rxg8 30. Rf1 f4 31. Qh3 Qg7 32. Kh1 Bxg4 33. Qxg4 Qxg4 34.
Bxg4 Rxg4 35. Rf3 Kc7 36. Rh3 b3 37. Rh7+ Kd8 38. h4 Ke8 39. Kh2 f3 40. Rh5
Rg2+ 41. Kh3 Rxb2 42. Rh8+ Kf7 43. Rb8 Rb1 0-1

[Event "FIRST SATURDAY TOURNAMENTS Budapest IM  "]
[Site "Budapest"]
[Date "2012.02.06"]
[Round "3.2"]
[White "Lengyel, Bela"]
[Black "Atabayev, Maksat"]
[Result "0-1"]
[WhiteElo "2250"]
[BlackElo "2336"]
[PlyCount "106"]
[EventDate "2012.02.04"]

1. e4 c5 2. Nf3 d6 3. d4 cxd4 4. Nxd4 Nf6 5. Nc3 a6 6. Be2 e5 7. Nb3 Be7 8. O-O
O-O 9. Be3 Be6 10. a4 Nbd7 11. a5 Qc7 12. Qd2 Rfd8 13. Rfc1 b5 14. Nd5 Bxd5 15.
exd5 Qb7 16. Rd1 Rac8 17. f3 h6 18. Bf1 Bf8 19. Nc1 e4 20. f4 Ng4 21. Bd4 Qxd5
22. Qe2 Qe6 23. h3 Ngf6 24. Qf2 d5 25. Nb3 Qc6 26. c3 Nc5 27. Nxc5 Bxc5 28.
Bxc5 Qxc5 29. Rd4 Nd7 30. Qe3 Qc6 31. Rad1 Nf6 32. g4 Ne8 33. c4 bxc4 34. Bxc4
Nc7 35. b4 Qf6 36. Bf1 Re8 37. Rc1 Qd6 38. Rc5 Rb8 39. Qc3 Rb7 40. Qe3 Reb8 41.
Qc1 Qf6 42. Rd1 Ne6 43. Rcxd5 Rxb4 44. f5 Ng5 45. Qc7 Nf3+ 46. Kh1 Kh7 47. Bg2
Rb2 48. Bxf3 exf3 49. Qg3 R8b3 50. Rd6 Rb1 51. g5 Qxf5 52. gxh6 g6 53. Qg4 Qc2
0-1

[Event "FIRST SATURDAY TOURNAMENTS Budapest IM  "]
[Site "Budapest"]
[Date "2012.02.06"]
[Round "3.3"]
[White "Farago, Sandor"]
[Black "Petran, Pal"]
[Result "1-0"]
[WhiteElo "2286"]
[BlackElo "2374"]
[PlyCount "67"]
[EventDate "2012.02.04"]

1. e4 c6 2. d4 d5 3. e5 Bf5 4. Nd2 e6 5. Nb3 Nd7 6. Nf3 Ne7 7. Bd3 Bxd3 8. Qxd3
Nf5 9. Bg5 Be7 10. h4 h6 11. Bxe7 Nxe7 12. O-O-O Qc7 13. Kb1 c5 14. Nxc5 Nxc5
15. dxc5 Qxc5 16. Nd4 Nc6 17. Qb5 Qxb5 18. Nxb5 O-O 19. f4 Rad8 20. g4 Rd7 21.
g5 f6 22. exf6 gxf6 23. g6 e5 24. f5 a6 25. Nc3 Nd4 26. Rhf1 b5 27. a3 Rc8 28.
Rf2 Rc5 29. Rxd4 exd4 30. Ne2 Rc4 31. Nf4 d3 32. cxd3 Rc8 33. Re2 a5 34. Re6
1-0

[Event "FIRST SATURDAY TOURNAMENTS Budapest IM  "]
[Site "Budapest"]
[Date "2012.02.06"]
[Round "3.4"]
[White "Zakhartsov, Vladimir"]
[Black "Szeberenyi, Adam"]
[Result "1-0"]
[WhiteElo "2216"]
[BlackElo "2316"]
[PlyCount "59"]
[EventDate "2012.02.04"]

1. e4 d5 2. exd5 Qxd5 3. Nc3 Qd6 4. d4 Nf6 5. Bd3 Bg4 6. f3 Bh5 7. Nge2 e6 8.
Bf4 Qb6 9. a3 Bd6 10. Qd2 Nbd7 11. O-O-O O-O-O 12. Be3 Nd5 13. Bf2 N7f6 14. g4
Bg6 15. Ne4 Be7 16. g5 Nh5 17. c4 Qc6 18. Kb1 Nb6 19. Rc1 f5 20. gxf6 Nxf6 21.
N2c3 Kb8 22. Qe2 Rhe8 23. Ka1 Na4 24. Nb5 a6 25. Bg3 axb5 26. cxb5 Qd5 27.
Bxc7+ Ka8 28. Rc4 Qxc4 29. Bxc4 Rxd4 30. Qc2 1-0

[Event "FIRST SATURDAY TOURNAMENTS Budapest IM  "]
[Site "Budapest"]
[Date "2012.02.07"]
[Round "4.2"]
[White "Petran, Pal"]
[Black "Zakhartsov, Vladimir"]
[Result "1-0"]
[WhiteElo "2374"]
[BlackElo "2216"]
[PlyCount "99"]
[EventDate "2012.02.04"]

1. d4 Nf6 2. c4 g6 3. Nc3 d5 4. cxd5 Nxd5 5. e4 Nxc3 6. bxc3 Bg7 7. Bc4 c5 8.
Ne2 Nc6 9. Be3 O-O 10. O-O Qc7 11. Rc1 Rd8 12. Qa4 a6 13. Qa3 Na5 14. Bd3 c4
15. Bb1 b5 16. Rcd1 Nb7 17. Ng3 f6 18. f4 Nd6 19. f5 gxf5 20. exf5 Bb7 21. Qb2
Bd5 22. Qe2 Rf8 23. Nh5 Kh8 24. Nf4 Bf7 25. Ng6+ Kg8 26. Nxf8 Rxf8 27. Qg4 h5
28. Qf3 Kh7 29. Bf4 Rg8 30. Rde1 Bf8 31. Re6 Qd8 32. Rfe1 Rg7 33. h3 b4 34.
cxb4 Kg8 35. Bh6 Bxe6 36. Bxg7 Bf7 37. Bxf8 Kxf8 38. Qe3 Nb5 39. a4 Nc7 40. Be4
Qd6 41. Rb1 Be8 42. Bf3 Kg7 43. Re1 Bf7 44. Qxe7 Qxd4+ 45. Qe3 Qd6 46. Rd1 Qxb4
47. Rd7 Qb1+ 48. Kh2 Qb8 49. Qf4 c3 50. Qxc7 1-0

[Event "FIRST SATURDAY TOURNAMENTS Budapest IM  "]
[Site "Budapest"]
[Date "2012.02.07"]
[Round "4.3"]
[White "Atabayev, Maksat"]
[Black "Farago, Sandor"]
[Result "1/2-1/2"]
[WhiteElo "2336"]
[BlackElo "2286"]
[PlyCount "206"]
[EventDate "2012.02.04"]

1. e4 c5 2. Nf3 e6 3. d4 cxd4 4. Nxd4 a6 5. Nc3 Qc7 6. a3 Nf6 7. Be2 Nc6 8. O-O
Nxd4 9. Qxd4 Bd6 10. h3 b5 11. Qd3 Bb7 12. f4 Bc5+ 13. Kh1 d5 14. exd5 exd5 15.
Be3 O-O 16. Bxc5 Qxc5 17. Bf3 Rad8 18. Rad1 Rfe8 19. Rfe1 Rxe1+ 20. Rxe1 b4 21.
Ne4 Nxe4 22. Rxe4 bxa3 23. bxa3 g6 24. Re5 Rd7 25. f5 Kg7 26. fxg6 hxg6 27. Qb3
Qd6 28. Re8 Re7 29. Rxe7 Qxe7 30. Qb4 Qc7 31. c4 Bc8 32. Qc3+ f6 33. Bxd5 Qf4
34. c5 g5 35. Qe1 Kh6 36. c6 Qd6 37. Qa5 Qe5 38. Qd8 Qe1+ 39. Kh2 Qe5+ 40. g3
Qe2+ 41. Bg2 Qe6 42. c7 Kg7 43. Qd4 Qe7 44. Qd8 Qe6 45. a4 Bd7 46. Qb8 Bc8 47.
a5 Qd7 48. Qb6 Qd2 49. Qb8 Qd7 50. Qa7 Qd2 51. Qb6 Kf7 52. Qb8 Qd7 53. Qb3+ Kg7
54. Qc3 Kf7 55. Kg1 Kg7 56. Kh2 Kf7 57. Qc6 Qe7 58. Bf3 Kg7 59. Qc2 Qe5 60. Bh5
f5 61. Qc4 Qf6 62. Bf3 Qe5 63. Qc1 Kg6 64. Qc4 Kg7 65. Bd1 Qe7 66. Qe2 Qc5 67.
Qb2+ Kh7 68. Bf3 Qxc7 69. Qf6 Qg7 70. Qc6 Qd7 71. Qf6 Qg7 72. Qxg7+ Kxg7 73. h4
gxh4 74. gxh4 f4 75. Kg2 Kh6 76. Kf2 Kg6 77. Ke2 Kf5 78. Kd3 Bd7 79. Kd4 Bb5
80. h5 Kg5 81. Ke5 Be8 82. Be2 Bxh5 83. Bxa6 Bf3 84. Kd4 Kg4 85. Bc8+ Kg3 86.
a6 Be2 87. a7 Bf3 88. Bf5 Ba8 89. Be4 f3 90. Bxa8 f2 91. Bg2 Kxg2 92. a8=Q+ Kh2
93. Qh8+ Kg2 94. Qg7+ Kh2 95. Qh6+ Kg2 96. Qg5+ Kh2 97. Qh4+ Kg2 98. Qg4+ Kh2
99. Qf3 Kg1 100. Qg3+ Kh1 101. Qh3+ Kg1 102. Ke3 f1=Q 103. Qxf1+ Kxf1 1/2-1/2

[Event "FIRST SATURDAY TOURNAMENTS Budapest IM  "]
[Site "Budapest"]
[Date "2012.02.07"]
[Round "4.4"]
[White "Galyas, Miklos"]
[Black "Lengyel, Bela"]
[Result "1-0"]
[WhiteElo "2467"]
[BlackElo "2250"]
[PlyCount "79"]
[EventDate "2012.02.04"]

1. c4 e5 2. g3 Nf6 3. Bg2 d5 4. cxd5 Nxd5 5. Nf3 Nc6 6. O-O Nb6 7. d3 Be7 8. a3
O-O 9. Nbd2 a5 10. b3 Be6 11. Bb2 f6 12. Qc2 Qd7 13. Rfd1 Rad8 14. Nc4 Nxc4 15.
bxc4 Nd4 16. Nxd4 exd4 17. e3 Bc5 18. exd4 Bxd4 19. Bxd4 Qxd4 20. Bxb7 Bg4 21.
Re1 f5 22. Bd5+ Kh8 23. Rab1 Qc5 24. Qb2 f4 25. Re5 fxg3 26. hxg3 Rf5 27. Rbe1
Rdf8 28. Rxf5 Bxf5 29. d4 Qd6 30. Bg2 h5 31. d5 Qc5 32. Qd2 Qxa3 33. Qd4 Qb4
34. Re5 a4 35. Qh4 Bg6 36. g4 a3 37. gxh5 Bd3 38. h6 g6 39. Re8 Kh7 40. Re7+
1-0

[Event "FIRST SATURDAY TOURNAMENTS Budapest IM  "]
[Site "Budapest"]
[Date "2012.02.07"]
[Round "4.5"]
[White "Esenov, Annaberdi"]
[Black "Lyell, Mark"]
[Result "1/2-1/2"]
[WhiteElo "2287"]
[BlackElo "2195"]
[PlyCount "87"]
[EventDate "2012.02.04"]

1. e4 e5 2. Nf3 Nc6 3. Bb5 f5 4. Nc3 fxe4 5. Nxe4 Nf6 6. Nxf6+ Qxf6 7. Qe2 Be7
8. Bxc6 bxc6 9. Nxe5 Qe6 10. d4 c5 11. O-O O-O 12. Re1 Bb7 13. Qg4 cxd4 14.
Qxd4 Bd6 15. Bd2 Rf5 16. Bc3 Bxe5 17. Rxe5 Qg6 18. g3 Rxe5 19. Qxe5 Re8 20. Qd4
Qf7 21. Rf1 c5 22. Qg4 d5 23. f3 d4 24. Bd2 Qxa2 25. Qh5 Re2 26. Rf2 Qe6 27.
Qg5 Rxf2 28. Kxf2 Qd5 29. Qxd5+ Bxd5 30. Bf4 c4 31. Bb8 a5 32. f4 Be4 33. Ba7
c3 34. Bxd4 cxb2 35. Bxb2 Bxc2 36. Ke3 g6 37. Kd4 Kg7 38. Kc3 Bf5 39. Kb3+ Kh6
40. Ka4 Kh5 41. Kxa5 Kg4 42. Kb4 Kh3 43. Bf6 Kxh2 44. Bh4 1/2-1/2

[Event "FIRST SATURDAY TOURNAMENTS Budapest IM  "]
[Site "Budapest"]
[Date "2012.02.08"]
[Round "5.1"]
[White "Lengyel, Bela"]
[Black "Esenov, Annaberdi"]
[Result "0-1"]
[WhiteElo "2250"]
[BlackElo "2287"]
[PlyCount "62"]
[EventDate "2012.02.04"]

1. e4 c5 2. Nf3 d6 3. d4 cxd4 4. Nxd4 Nf6 5. Nc3 a6 6. Be2 e6 7. O-O Be7 8. Kh1
O-O 9. f4 Qc7 10. a4 Nc6 11. Be3 Rd8 12. Bf3 Bd7 13. Qd2 Nxd4 14. Bxd4 e5 15.
Be3 b5 16. a5 Re8 17. Nd5 Nxd5 18. exd5 Rac8 19. c3 Bf6 20. g4 exf4 21. Bxf4
Be5 22. Be3 Qd8 23. Bg5 Qc7 24. Be3 Qc4 25. h3 h5 26. Rg1 hxg4 27. hxg4 f5 28.
Bd4 fxg4 29. Bxg4 Qxd5+ 30. Qg2 Bc6 31. Bxc8 Bxd4 0-1

[Event "FIRST SATURDAY TOURNAMENTS Budapest IM  "]
[Site "Budapest"]
[Date "2012.02.08"]
[Round "5.2"]
[White "Farago, Sandor"]
[Black "Galyas, Miklos"]
[Result "0-1"]
[WhiteElo "2286"]
[BlackElo "2467"]
[PlyCount "104"]
[EventDate "2012.02.04"]

1. e4 e6 2. d4 d5 3. Nd2 b6 4. e5 Ne7 5. c3 Qd7 6. Bd3 Ba6 7. Bxa6 Nxa6 8. Ne2
c5 9. O-O Nb8 10. Nf3 Nbc6 11. Nf4 h5 12. h4 Nf5 13. g3 Be7 14. Kg2 g6 15. Nh3
Kf8 16. Nhg5 Kg7 17. Be3 cxd4 18. cxd4 Rac8 19. Rc1 Na5 20. Qe2 Rxc1 21. Rxc1
Rc8 22. Rc2 Rxc2 23. Qxc2 Qc6 24. Ne1 Nc4 25. Kf3 Bb4 26. Qe2 Bxe1 27. Qxe1
Nxb2 28. Qb4 Nc4 29. Bf4 a5 30. Qb1 Nxd4+ 31. Kg2 Ne2 32. Qd3 Nxf4+ 33. gxf4 b5
34. f5 d4+ 35. Kg1 Qd5 36. fxg6 fxg6 37. Qh3 d3 38. Nxe6+ Kh6 39. Nf4 d2 40.
Nxd5 d1=Q+ 41. Kh2 Qxd5 42. Qc8 Qxe5+ 43. Kg2 Qf6 44. Qc5 Nd6 45. Qc1+ Kg7 46.
Qc7+ Nf7 47. Qxa5 Qxh4 48. Qxb5 Qg5+ 49. Qxg5 Nxg5 50. a4 Ne6 51. a5 Nc5 52.
Kg3 g5 0-1

[Event "FIRST SATURDAY TOURNAMENTS Budapest IM  "]
[Site "Budapest"]
[Date "2012.02.08"]
[Round "5.3"]
[White "Zakhartsov, Vladimir"]
[Black "Atabayev, Maksat"]
[Result "0-1"]
[WhiteElo "2216"]
[BlackElo "2336"]
[PlyCount "90"]
[EventDate "2012.02.04"]

1. e4 c5 2. Nf3 d6 3. d4 cxd4 4. Nxd4 Nf6 5. Nc3 a6 6. f3 e5 7. Nb3 Be6 8. Be3
Be7 9. Qd2 O-O 10. g4 Nbd7 11. O-O-O b5 12. h4 Nb6 13. g5 Nh5 14. Qf2 Nc4 15.
Bxc4 bxc4 16. Bb6 Qc8 17. Na5 Nf4 18. Qe3 Rb8 19. Rd2 f6 20. gxf6 Rxf6 21. Rhd1
Bf7 22. Nd5 Nxd5 23. exd5 Be8 24. b3 cxb3 25. axb3 Rf4 26. Rd3 Rxh4 27. Kb1 Bf6
28. Rc3 Qf5 29. Bc7 Rc8 30. Nb7 Rd4 31. Rg1 Be7 32. Bxd6 Rxc3 33. Qxc3 Bf6 34.
Bc5 Rxd5 35. Nd6 Qe6 36. Qc4 Bb5 37. Nxb5 axb5 38. Qxb5 e4 39. f4 e3 40. Qb8+
Rd8 41. Qc7 Ra8 42. Ba3 Qa6 43. Kc1 Qxa3+ 44. Kd1 Qa1+ 45. Ke2 Qxg1 0-1

[Event "FIRST SATURDAY TOURNAMENTS Budapest IM  "]
[Site "Budapest"]
[Date "2012.02.08"]
[Round "5.5"]
[White "Szalanczy, Emil"]
[Black "Szeberenyi, Adam"]
[Result "0-1"]
[WhiteElo "2264"]
[BlackElo "2316"]
[PlyCount "94"]
[EventDate "2012.02.04"]

1. e4 c5 2. Nf3 d6 3. d4 cxd4 4. Nxd4 Nf6 5. Nc3 a6 6. Be3 Ng4 7. Bc1 Nf6 8.
Be3 Ng4 9. Bg5 h6 10. Bh4 g5 11. Bg3 Bg7 12. Bc4 Nc6 13. Nde2 Be6 14. Bb3 Qa5
15. O-O h5 16. h4 Be5 17. Nd5 Bxg3 18. Nxg3 gxh4 19. Nf5 Bxf5 20. exf5 O-O-O
21. Qe1 Qc5 22. Rd1 Kb8 23. Rd3 e6 24. fxe6 fxe6 25. Nf4 d5 26. Nxe6 Qd6 27. f4
Rde8 28. Rxd5 Qxe6 29. Rd8+ Nxd8 30. Bxe6 Rxe6 31. Qxh4 Re2 32. f5 Rg8 33. Re1
Rxc2 34. Qg3+ Ka8 35. Qb3 Re8 36. Rd1 Ree2 37. Qxc2 Rxc2 38. Rxd8+ Ka7 39. g3
Rxb2 40. Rh8 Rxa2 41. Rxh5 Ra5 42. Rg5 Ne3 43. g4 Ra4 44. f6 Rf4 45. Rf5 Rxg4+
46. Kf2 Nxf5 47. f7 Rf4+ 0-1

[Event "FIRST SATURDAY TOURNAMENTS Budapest IM  "]
[Site "Budapest"]
[Date "2012.02.09"]
[Round "6.1"]
[White "Petran, Pal"]
[Black "Szalanczy, Emil"]
[Result "1-0"]
[WhiteElo "2374"]
[BlackElo "2264"]
[PlyCount "90"]
[EventDate "2012.02.04"]

1. d4 c5 2. d5 e6 3. c4 exd5 4. cxd5 d6 5. Nc3 g6 6. e4 Bg7 7. Nf3 a6 8. a4 Bg4
9. Be2 Bxf3 10. Bxf3 Nd7 11. O-O Nh6 12. Bf4 Ne5 13. Be2 f6 14. Qd2 Nef7 15. a5
O-O 16. Bd3 f5 17. exf5 Nxf5 18. Bxf5 gxf5 19. Na4 Qh4 20. Nb6 Rae8 21. Nd7 Re4
22. Nxf8 Kxf8 23. g3 Qh5 24. Rfe1 Rd4 25. Qe2 Qxe2 26. Rxe2 Rxd5 27. Ra3 Be5
28. Bxe5 dxe5 29. Rb3 Nd6 30. Rb6 Ke7 31. b3 Ke6 32. Rc2 h5 33. f3 e4 34. Kg2
Ke5 35. Kf2 Ke6 36. Ke2 Ke5 37. fxe4 fxe4 38. Rc1 c4 39. bxc4 Rxa5 40. c5 Ra2+
41. Kf1 Nf5 42. Rxb7 h4 43. gxh4 e3 44. Rf7 Rd2 45. c6 Nd4 1-0

[Event "FIRST SATURDAY TOURNAMENTS Budapest IM  "]
[Site "Budapest"]
[Date "2012.02.09"]
[Round "6.3"]
[White "Galyas, Miklos"]
[Black "Zakhartsov, Vladimir"]
[Result "0-1"]
[WhiteElo "2467"]
[BlackElo "2216"]
[PlyCount "88"]
[EventDate "2012.02.04"]

1. d4 Nf6 2. c4 g6 3. Nc3 d5 4. cxd5 Nxd5 5. Bd2 Nb6 6. Bg5 Bg7 7. e3 c5 8.
dxc5 Bxc3+ 9. bxc3 Qxd1+ 10. Rxd1 N6d7 11. Bh6 Rg8 12. e4 Nxc5 13. f3 Be6 14.
Rd2 Nbd7 15. Be3 f6 16. Ne2 Bc4 17. Nf4 Bxf1 18. Kxf1 Rc8 19. Kf2 Kf7 20. Rhd1
Nb6 21. Rb1 Nca4 22. Bxb6 Nxb6 23. Ne2 Rc5 24. Rd4 Ra5 25. a4 Rc8 26. Rb5 Rxb5
27. axb5 Rc5 28. Rb4 Nc8 29. Ke3 Nd6 30. b6 a6 31. Kd4 Ra5 32. c4 Ke8 33. Nc3
Kd7 34. g4 e6 35. Na4 Kc6 36. h3 g5 37. Kc3 Nf7 38. c5 Rb5 39. Rd4 Rb1 40. Rd3
a5 41. Kc2 Rb4 42. Ra3 Ne5 43. Nc3 Nc4 44. Ra1 Kxc5 0-1

[Event "FIRST SATURDAY TOURNAMENTS Budapest IM  "]
[Site "Budapest"]
[Date "2012.02.09"]
[Round "6.4"]
[White "Esenov, Annaberdi"]
[Black "Farago, Sandor"]
[Result "1-0"]
[WhiteElo "2287"]
[BlackElo "2286"]
[PlyCount "71"]
[EventDate "2012.02.04"]

1. e4 c5 2. Nf3 d6 3. d4 cxd4 4. Nxd4 Nf6 5. Nc3 a6 6. Bc4 e6 7. Bb3 Be7 8. f4
Qc7 9. f5 e5 10. Nf3 O-O 11. g4 Nc6 12. g5 Nxe4 13. Nxe4 Bxf5 14. Ng3 Bh3 15.
Qe2 Rad8 16. Be3 d5 17. O-O-O d4 18. Bf2 Na5 19. Rhe1 Nxb3+ 20. axb3 Qa5 21.
Kb1 Bb4 22. Rg1 Rfe8 23. Ne4 Bf5 24. Nh4 Bxe4 25. Qxe4 Qb5 26. Nf5 Bf8 27. Rd3
Re6 28. Rh3 g6 29. Qh4 h5 30. gxh6 Rc8 31. h7+ Kh8 32. Nxd4 exd4 33. Bxd4+ Re5
34. Re1 Bg7 35. Rxe5 Bxe5 36. Qf6+ 1-0

[Event "FIRST SATURDAY TOURNAMENTS Budapest IM  "]
[Site "Budapest"]
[Date "2012.02.09"]
[Round "6.5"]
[White "Lyell, Mark"]
[Black "Lengyel, Bela"]
[Result "1-0"]
[WhiteElo "2195"]
[BlackElo "2250"]
[PlyCount "75"]
[EventDate "2012.02.04"]

1. e4 e5 2. Nf3 Nc6 3. Bc4 Nf6 4. Ng5 d5 5. exd5 Na5 6. Bb5+ c6 7. dxc6 bxc6 8.
Qf3 Rb8 9. Bd3 Be7 10. b3 O-O 11. Bb2 h6 12. Ne4 Nxe4 13. Qxe4 f5 14. Qe2 e4
15. Ba6 c5 16. Bxc8 Rxc8 17. Na3 Nc6 18. O-O Nd4 19. Bxd4 cxd4 20. Nc4 Qd5 21.
d3 Bb4 22. Rad1 Bc3 23. f3 e3 24. f4 Rce8 25. Rf3 g5 26. Rh3 Re6 27. fxg5 f4
28. gxh6 Kh7 29. Rf1 Rg6 30. Rg3 Rxh6 31. Rg4 Qh5 32. h3 Rg6 33. Rf3 Rff6 34.
Rxg6 Kxg6 35. g3 Qxh3 36. Ne5+ Kh7 37. gxf4 Qh4 38. Qg2 1-0